Rapper's Most Streamed Song 2 - Statistics

General Stats
  • This quiz has been taken 851 times
  • The average score is 7 of 15
Answer Stats
Rapper Song % Correct
Kendrick Lamar HUMBLE.
90%
Lil Tecca Ransom
77%
Chief Keef Love Sosa
73%
Post Malone rockstar
67%
Lil Baby Drip Too Hard
47%
Polo G RAPSTAR
47%
Rae Sremmurd Black Beatles
43%
Kodak Black ZEZE
40%
Pop Smoke For The Night
32%
Ken Carson Yale
31%
Yeat Money so big
27%
NLE Choppa Walk Em Down
26%
Lil Yachty Broccoli
25%
Destroy Lonely NOSTYLIST
21%
Quavo HOTEL LOBBY
13%
No matching quizzes found
Score Distribution
Percent of People with Each Score
Percentile by Number Answered
Your Score History
You have not taken this quiz